| 000 | 00790 a2200265 4500 | ||
|---|---|---|---|
| 005 | 20260309142908.0 | ||
| 008 | 260309b |||||||| |||| 00| 0 eng d | ||
| 020 | _a978-1-5225-5088-4 | ||
| 037 | _cTB | ||
| 040 |
_aCRL _cCRL |
||
| 041 |
_2eng _aeng |
||
| 084 |
_aU8(X:8) Q8 _qCRL |
||
| 100 |
_aChaudhuri, Somnath _91114859 |
||
| 245 | _aGIS applications in the tourism and hospitality industry | ||
| 260 |
_aUSA: _bIGI Global, _c2018. |
||
| 300 | _axxiv,343p. | ||
| 365 |
_b205 _cUSD |
||
| 650 | _aTravel | ||
| 650 | _aGeography | ||
| 650 | _aManagement | ||
| 650 | _aEconomics | ||
| 700 |
_aRay, Nilanjan _eAuthor, _91131364 |
||
| 942 |
_cTB _2CC _hU8(X:8) Q8 |
||
| 999 |
_c1679107 _d1679107 |
||